[Event "SC Heideck-Hilpoltstein 1-SG Siemens Erl"]
[Site "?"]
[Date "2012.12.16"]
[Round "5.2"]
[White "Kirchner, Norbert"]
[Black "Fett, Helmut"]
[Result "0-1"]
[WhiteElo "1967"]
[BlackElo "1769"]
[PlyCount "142"]
[EventDate "2012.??.??"]
[WhiteTeam "SC Heideck-Hilpoltstein 1"]
[BlackTeam "SG Siemens Erlangen e.V. 1"]

1. e4 d6 2. d4 Nf6 3. Bd3 e5 4. Nf3 Nbd7 5. O-O Be7 6. c3 O-O 7. h3 c6 8. Re1
Re8 9. Bg5 Qc7 10. Nbd2 Nf8 11. Bh4 Nh5 12. Bg3 Nxg3 13. fxg3 Be6 14. Nc4 exd4
15. cxd4 d5 16. exd5 Bxd5 17. Ne3 Qxg3 18. Nxd5 cxd5 19. Bb5 Ne6 20. Bxe8 Rxe8
21. Qa4 Kf8 22. Rac1 Nf4 23. Rc2 Nxg2 24. Rxg2 Qxf3 25. Qb3 Qxb3 26. axb3 Bf6
27. Rxe8+ Kxe8 28. Rd2 Bg5 29. Rd1 Kd7 30. Kf2 Kc6 31. Ke2 Kb5 32. Kd3 Kc6 33.
Re1 Bd8 34. Re8 Kd7 35. Rg8 g6 36. Rg7 Ke6 37. Rxh7 Bf6 38. h4 Ke7 39. h5 g5
40. Rh6 g4 41. b4 g3 42. Ke2 Bxd4 43. Kf3 Bg7 44. Rh7 Kf8 45. Kxg3 Kg8 46.
Rxg7+ Kxg7 47. Kf4 Kh6 48. Ke5 Kxh5 49. b5 Kg4 50. Kxd5 f5 51. Kd6 f4 52. Kc7
f3 53. Kxb7 f2 54. Kxa7 f1=Q 55. b6 Qa1+ 56. Kb8 Qxb2 57. b7 Qb6 58. Ka8 Qa6+
59. Kb8 Kf5 60. Kc7 Qa7 61. Kc8 Qc5+ 62. Kd7 Qb6 63. Kc8 Qc6+ 64. Kb8 Ke6 65.
Ka7 Qc7 66. Ka8 Qa5+ 67. Kb8 Qb6 68. Ka8 Qa6+ 69. Kb8 Kd6 70. Kc8 Kc6 71. Kd8
Qxb7 0-1

[Event "SC Heideck-Hilpoltstein 1-SG Siemens Erl"]
[Site "?"]
[Date "2012.12.16"]
[Round "5.3"]
[White "Müller, Stefan"]
[Black "Perner, Bastian"]
[Result "1-0"]
[WhiteElo "1909"]
[BlackElo "1881"]
[PlyCount "81"]
[EventDate "2012.??.??"]
[WhiteTeam "SG Siemens Erlangen e.V. 1"]
[BlackTeam "SC Heideck-Hilpoltstein 1"]

1. e4 e5 2. Nf3 Nc6 3. Bb5 a6 4. Bxc6 dxc6 5. O-O f6 6. Re1 Bc5 7. d3 Ne7 8.
Be3 Bb6 9. Nbd2 Be6 10. a4 O-O 11. a5 Bxe3 12. Rxe3 Ng6 13. Nf1 c5 14. Ng3 Qd7
15. b3 Rfd8 16. Qe1 b6 17. h4 Bg4 18. h5 Nf4 19. h6 Ng6 20. Nh2 gxh6 21. Nxg4
Qxg4 22. Nf5 Kf8 23. Nxh6 Qe6 24. Qc3 Rd7 25. Rf3 Nf4 26. Kf1 Rg7 27. Nf5 Rg5
28. g3 Ng6 29. b4 Ne7 30. Ne3 cxb4 31. Qxb4 Rh5 32. Ke2 c5 33. Qxb6 Qxb6 34.
axb6 Kg7 35. b7 Rb8 36. Rxa6 Rxb7 37. Raxf6 c4 38. Nxc4 Ng6 39. Nd6 Ra7 40.
Rf7+ Rxf7 41. Rxf7+ 1-0

[Event "SC Heideck-Hilpoltstein 1-SG Siemens Erl"]
[Site "?"]
[Date "2012.12.16"]
[Round "5.4"]
[White "Ruderer, Thomas"]
[Black "Pölsterl, Hans"]
[Result "0-1"]
[WhiteElo "1749"]
[BlackElo "1871"]
[PlyCount "146"]
[EventDate "2012.??.??"]
[WhiteTeam "SC Heideck-Hilpoltstein 1"]
[BlackTeam "SG Siemens Erlangen e.V. 1"]

1. e4 c6 2. d4 d5 3. exd5 cxd5 4. c4 Nf6 5. Nc3 Nc6 6. Bg5 Be6 7. Nf3 h6 8.
Bxf6 exf6 9. Be2 Bb4 10. cxd5 Bxd5 11. O-O O-O 12. a3 Ba5 13. Rc1 Re8 14. Nxd5
Qxd5 15. Bc4 Qd7 16. Bb5 a6 17. d5 axb5 18. dxc6 Qxd1 19. Rfxd1 bxc6 20. Rxc6
b4 21. axb4 Bxb4 22. Kf1 Ra2 23. Rb1 Rb8 24. Rcc1 Ba5 25. Rc2 g6 26. Ne1 f5 27.
b4 Rxc2 28. Nxc2 Bb6 29. Ne3 Rc8 30. Nd5 Bd8 31. b5 Rc5 32. Ne3 Bb6 33. Ke2 f4
34. Nd1 Rc2+ 35. Kd3 Rc5 36. Nc3 Rg5 37. g3 Bxf2 38. gxf4 Rh5 39. b6 Rh3+ 40.
Kd2 Be3+ 41. Ke2 Bxf4 42. Nd5 Rxh2+ 43. Kf3 Bd6 44. b7 Rh3+ 45. Kg2 Rg3+ 46.
Kf2 Rg5 47. b8=Q+ Bxb8 48. Rxb8+ Kg7 49. Ne3 h5 50. Ng2 Ra5 51. Rb7 g5 52. Ne3
Kg6 53. Nc4 Rf5+ 54. Kg2 f6 55. Nd6 Rd5 56. Ne8 Rd8 57. Rg7+ Kf5 58. Re7 Rd2+
59. Kg3 h4+ 60. Kf3 g4+ 61. Ke3 Ra2 62. Nd6+ Kg6 63. Re8 Ra3+ 64. Kf2 g3+ 65.
Kg2 Ra2+ 66. Kh3 Rh2+ 67. Kg4 g2 68. Kf3 Kh7 69. Re7+ Kg8 70. Kf2 h3 71. Nf5
Rh1 72. Rg7+ Kf8 73. Rg3 Rf1+ 0-1

[Event "SC Heideck-Hilpoltstein 1-SG Siemens Erl"]
[Site "?"]
[Date "2012.12.16"]
[Round "5.5"]
[White "Semerow, Anatoli"]
[Black "Korth, Manfred"]
[Result "1-0"]
[WhiteElo "1871"]
[BlackElo "1826"]
[PlyCount "79"]
[EventDate "2012.??.??"]
[WhiteTeam "SG Siemens Erlangen e.V. 1"]
[BlackTeam "SC Heideck-Hilpoltstein 1"]

1. e4 d6 2. d4 Nf6 3. Nc3 c6 4. Nf3 Bg4 5. Be2 Nbd7 6. O-O e5 7. Be3 Be7 8. Nd2
Bxe2 9. Qxe2 O-O 10. Rad1 Qc7 11. dxe5 dxe5 12. h3 b5 13. a3 a5 14. Qf3 Nc5 15.
Ne2 Ne6 16. g4 Nd7 17. Ng3 Bg5 18. Bxg5 Nxg5 19. Qf5 Nxh3+ 20. Kh2 Nf4 21. Nf3
Rad8 22. g5 f6 23. Nh4 fxg5 24. Qxg5 Nf6 25. Nhf5 Rxd1 26. Rxd1 Ne6 27. Qh4 g6
28. Rd6 g5 29. Qh3 Nf4 30. Qf1 h5 31. Qd1 Ng4+ 32. Kg1 Qb6 33. Qd2 h4 34. Nh1
Nf6 35. Rxf6 Rxf6 36. Qd7 Nh5 37. Qe8+ Rf8 38. Ne7+ Kg7 39. Qg6+ Kh8 40. Qh6#
1-0

[Event "SC Heideck-Hilpoltstein 1-SG Siemens Erl"]
[Site "?"]
[Date "2012.12.16"]
[Round "5.6"]
[White "Stritzelberger, Martin"]
[Black "Kirsch, Heinrich"]
[Result "0-1"]
[WhiteElo "1642"]
[BlackElo "1795"]
[PlyCount "96"]
[EventDate "2012.??.??"]
[WhiteTeam "SC Heideck-Hilpoltstein 1"]
[BlackTeam "SG Siemens Erlangen e.V. 1"]

1. e4 e5 2. Nf3 Nc6 3. Bc4 Nd4 4. Nxd4 exd4 5. O-O d6 6. d3 Qf6 7. Nd2 Bd7 8.
Nf3 h6 9. b4 Ne7 10. Bb2 c5 11. bxc5 dxc5 12. e5 Qg6 13. Nh4 Qg4 14. Qxg4 Bxg4
15. h3 Bd7 16. f4 b5 17. Bb3 Be6 18. Bxe6 fxe6 19. c3 dxc3 20. Bxc3 Rd8 21.
Rad1 Nd5 22. Bd2 Ne7 23. Be3 Nd5 24. Bd2 Kf7 25. f5 exf5 26. Rxf5+ Ke6 27. Rdf1
Ne7 28. Rf7 Rxd3 29. Ba5 Nc6 30. Bc7 Rd7 31. Rxd7 Kxd7 32. Rf7+ Be7 33. Bd6 Ke6
34. Rxe7+ Nxe7 35. Bxe7 g5 36. Bf6 Rc8 37. Nf3 a5 38. Bg7 b4 39. Bxh6 a4 40.
Bxg5 b3 41. axb3 axb3 42. Bc1 Rd8 43. Ba3 c4 44. Ng5+ Kf5 45. Nf7 Rd1+ 46. Kh2
c3 47. g4+ Ke6 48. Ng5+ Kxe5 0-1

[Event "SC Heideck-Hilpoltstein 1-SG Siemens Erl"]
[Site "?"]
[Date "2012.12.16"]
[Round "5.7"]
[White "Balhar, Rudolf"]
[Black "Strnad, Alfred"]
[Result "1/2-1/2"]
[WhiteElo "1834"]
[BlackElo "1865"]
[PlyCount "99"]
[EventDate "2012.??.??"]
[WhiteTeam "SG Siemens Erlangen e.V. 1"]
[BlackTeam "SC Heideck-Hilpoltstein 1"]

1. e4 c5 2. Nc3 Nc6 3. g3 g6 4. Bg2 Bg7 5. d3 d6 6. Be3 e6 7. Qd2 Rb8 8. f4
Nge7 9. Nf3 O-O 10. O-O b5 11. Rab1 Qc7 12. Ne2 a5 13. c3 b4 14. d4 Ba6 15.
Rfc1 bxc3 16. bxc3 Rxb1 17. Rxb1 cxd4 18. Nfxd4 Rb8 19. Rd1 d5 20. Nxc6 Qxc6
21. Nd4 Qa4 22. exd5 Nxd5 23. Bxd5 exd5 24. Ra1 Rc8 25. Qb2 Qc4 26. Rc1 Qd3 27.
Bf2 Re8 28. Qb1 Qc4 29. Qb2 h5 30. Qb6 a4 31. a3 Bf8 32. Qb2 Qd3 33. Ra1 Bc5
34. Rc1 Kh7 35. Qb1 Qc4 36. Qb2 Bf8 37. Ra1 Bc8 38. Kg2 Bg4 39. Rc1 Bg7 40. Qd2
Qc8 41. Re1 Bh3+ 42. Kg1 Rxe1+ 43. Qxe1 Bf8 44. Nf3 Bf5 45. Bd4 Be4 46. Ng5+
Kg8 47. Nxe4 dxe4 48. Qxe4 Qe6 49. Qa8 Qe1+ 50. Kg2 1/2-1/2

[Event "SC Heideck-Hilpoltstein 1-SG Siemens Erl"]
[Site "?"]
[Date "2012.12.16"]
[Round "5.8"]
[White "Ruderer, Maximilian"]
[Black "Szabo, Sandor"]
[Result "0-1"]
[WhiteElo "1683"]
[BlackElo "1913"]
[PlyCount "65"]
[EventDate "2012.??.??"]
[WhiteTeam "SC Heideck-Hilpoltstein 1"]
[BlackTeam "SG Siemens Erlangen e.V. 1"]

1. e4 c5 2. Nc3 g6 3. Nf3 Bg7 4. Bc4 Nc6 5. d3 Nd4 6. Nxd4 cxd4 7. Ne2 b5 8.
Bb3 Bb7 9. O-O e5 10. f4 d5 11. Ng3 exf4 12. Rxf4 Ne7 13. exd5 O-O 14. Bd2 Nxd5
15. Bxd5 Qxd5 16. Qf1 Rac8 17. Rc1 Qxa2 18. Bb4 Rfe8 19. Ra1 Qxb2 20. Rxf7 Qxb4
21. Rxa7 Re1 22. Raxb7 Rxf1+ 23. Nxf1 Be5 24. Rxh7 Rf8 25. Rh6 Rxf1+ 26. Kxf1
Qb1+ 27. Kf2 Qxc2+ 28. Kf3 Qxd3+ 29. Kg4 Qe4+ 30. Kh3 Qe3+ 31. g3 Qxh6+ 32. Kg2
d3 33. Rd7 0-1

[Event "SC Uttenreuth e.V. 1-SK 1911 Herzogenaur"]
[Site "?"]
[Date "2012.12.16"]
[Round "5.1"]
[White "Sattler, Stefan"]
[Black "Spiegelhauer, Tilmann"]
[Result "1/2-1/2"]
[WhiteElo "2074"]
[BlackElo "1847"]
[PlyCount "25"]
[EventDate "2012.??.??"]
[WhiteTeam "SK 1911 Herzogenaurach e.V. 1"]
[BlackTeam "SC Uttenreuth e.V. 1"]

1. e4 e6 2. d4 d5 3. Nc3 Nf6 4. e5 Nfd7 5. Nf3 c5 6. dxc5 Nc6 7. Bf4 Bxc5 8.
Bd3 a6 9. O-O Nb4 10. Be2 O-O 11. a3 Nc6 12. Bd3 f5 13. exf6 1/2-1/2

[Event "SC Uttenreuth e.V. 1-SK 1911 Herzogenaur"]
[Site "?"]
[Date "2012.12.16"]
[Round "5.2"]
[White "Miederer, Karl"]
[Black "Bock, Helmar"]
[Result "0-1"]
[WhiteElo "1837"]
[BlackElo "2032"]
[PlyCount "65"]
[EventDate "2012.??.??"]
[WhiteTeam "SC Uttenreuth e.V. 1"]
[BlackTeam "SK 1911 Herzogenaurach e.V. 1"]

1. e4 c5 2. Bc4 e6 3. Nc3 a6 4. a4 Qc7 5. Nf3 Nc6 6. O-O Nf6 7. h3 b6 8. d3 h6
9. Be3 Bb7 10. Nh4 g5 11. Nf3 g4 12. Nh2 h5 13. f4 Bh6 14. h4 O-O-O 15. g3 d5
16. exd5 exd5 17. Bxa6 Bxa6 18. Nb5 Qb8 19. d4 Rhe8 20. Qd2 Ne4 21. Qd3 Nxg3
22. Nd6+ Rxd6 23. Qxa6+ Qb7 24. Qxb7+ Kxb7 25. dxc5 Rde6 26. a5 Rxe3 27. a6+
Kc7 28. cxb6+ Kxb6 29. Rfd1 d4 30. b4 Bxf4 31. b5 Na7 32. Ra4 Re1+ 33. Rxe1 0-1

[Event "SC Uttenreuth e.V. 1-SK 1911 Herzogenaur"]
[Site "?"]
[Date "2012.12.16"]
[Round "5.3"]
[White "Glitz, Martin"]
[Black "Niedermaier, Barbara"]
[Result "1-0"]
[WhiteElo "1979"]
[BlackElo "1837"]
[PlyCount "79"]
[EventDate "2012.??.??"]
[WhiteTeam "SK 1911 Herzogenaurach e.V. 1"]
[BlackTeam "SC Uttenreuth e.V. 1"]

1. e4 c5 2. Nf3 Nc6 3. d4 cxd4 4. Nxd4 g6 5. Nc3 Bg7 6. Be3 Nf6 7. Bc4 O-O 8.
Bb3 e6 9. f4 d6 10. Qf3 Nd7 11. O-O-O Nc5 12. Kb1 Nxb3 13. axb3 a6 14. Nxc6
bxc6 15. Bc5 d5 16. Bxf8 Bxf8 17. e5 c5 18. h4 Bb7 19. h5 Qc7 20. hxg6 fxg6 21.
Qh3 Bc8 22. Rh2 Ra7 23. g4 c4 24. Ne2 cxb3 25. Qxb3 Rb7 26. Qe3 Qd8 27. Nd4 Bb4
28. Qd3 Qa5 29. Nc6 Qb6 30. Nxb4 Qxb4 31. Qd4 Qb5 32. f5 exf5 33. Qxd5+ Qxd5
34. Rxd5 Be6 35. Rd6 Re7 36. g5 Bc4 37. b3 Bf1 38. e6 Bb5 39. c4 Re8 40. cxb5
1-0

[Event "SC Uttenreuth e.V. 1-SK 1911 Herzogenaur"]
[Site "?"]
[Date "2012.12.16"]
[Round "5.4"]
[White "Traut, Gerhard"]
[Black "Eichstädt, Timm"]
[Result "0-1"]
[WhiteElo "1786"]
[BlackElo "1943"]
[PlyCount "78"]
[EventDate "2012.??.??"]
[WhiteTeam "SC Uttenreuth e.V. 1"]
[BlackTeam "SK 1911 Herzogenaurach e.V. 1"]

1. e4 Nf6 2. e5 Nd5 3. c4 Nb6 4. c5 Nd5 5. Nc3 Nxc3 6. bxc3 d6 7. cxd6 cxd6 8.
exd6 Qxd6 9. d4 Bf5 10. Qf3 Qe6+ 11. Be3 Be4 12. Bb5+ Nc6 13. Qg3 a6 14. Be2
Qf5 15. Nh3 e5 16. Bg4 Qg6 17. O-O Bd6 18. f4 exd4 19. cxd4 O-O 20. Nf2 Bd5 21.
Qh3 Qf6 22. Bf5 g6 23. Be4 Be6 24. f5 gxf5 25. Ng4 Qg7 26. Bxf5 Kh8 27. Nf6 Ne7
28. Nh5 Qg8 29. Bh6 Nxf5 30. Rxf5 Qg6 31. Bg7+ Kg8 32. Raf1 Rfc8 33. Qf3 Bxf5
34. Qxf5 Qxf5 35. Rxf5 Rc1+ 36. Kf2 Rc2+ 37. Kf3 Rac8 38. Rg5 Be7 39. Rg4 R8c6
0-1

[Event "SC Uttenreuth e.V. 1-SK 1911 Herzogenaur"]
[Site "?"]
[Date "2012.12.16"]
[Round "5.5"]
[White "Walther, Reinhard"]
[Black "Beck, Gerhard"]
[Result "1-0"]
[WhiteElo "1896"]
[BlackElo "1739"]
[PlyCount "68"]
[EventDate "2012.??.??"]
[WhiteTeam "SK 1911 Herzogenaurach e.V. 1"]
[BlackTeam "SC Uttenreuth e.V. 1"]

1. d4 Nf6 2. c4 e6 3. Nc3 Bb4 4. Qc2 O-O 5. a3 Bxc3+ 6. Qxc3 Ne4 7. Qd3 f5 8.
Nh3 c5 9. f3 Nf6 10. dxc5 Nc6 11. b4 a5 12. b5 Ne5 13. Qc3 Ng6 14. Nf4 Nxf4 15.
Bxf4 Nh5 16. Bd6 Rf7 17. b6 f4 18. O-O-O Qg5 19. Qd2 Rf5 20. h4 Qf6 21. Qd4 Qh6
22. Rh3 a4 23. Kc2 Ra5 24. e3 fxe3 25. g4 Nf4 26. gxf5 e2 27. Bxf4 exf1=Q 28.
Rxf1 Qh5 29. Rg3 Qf7 30. Bh6 g6 31. fxg6 hxg6 32. Be3 e5 33. Qxe5 d6 34. Qxd6
Bf5+ 1-0

[Event "SC Uttenreuth e.V. 1-SK 1911 Herzogenaur"]
[Site "?"]
[Date "2012.12.16"]
[Round "5.6"]
[White "Meyer, Jürgen"]
[Black "Trockmann, Rafael"]
[Result "0-1"]
[WhiteElo "1710"]
[BlackElo "1873"]
[PlyCount "76"]
[EventDate "2012.??.??"]
[WhiteTeam "SC Uttenreuth e.V. 1"]
[BlackTeam "SK 1911 Herzogenaurach e.V. 1"]

1. d4 c5 2. e3 e6 3. c3 d5 4. Bd3 Nc6 5. f4 f5 6. Nf3 Nf6 7. O-O Bd6 8. Ne5 O-O
9. Nd2 cxd4 10. exd4 Ne4 11. Rf3 Qb6 12. Kh1 Bxe5 13. fxe5 Nxd4 14. cxd4 Qxd4
15. Bxe4 dxe4 16. Rf1 Rd8 17. Qb3 Qxe5 18. Nc4 Qf6 19. Bf4 Rd3 20. Qb5 Rd5 21.
Qb3 b6 22. Ne3 Rd3 23. Qb5 Bd7 24. Qa6 e5 25. Qb7 Bc6 26. Bxe5 Bxb7 27. Bxf6
Rxe3 28. Bc3 g6 29. Rad1 Rd3 30. Rc1 Rad8 31. Be5 R8d7 32. Kg1 h5 33. a3 Kf7
34. g3 Ke6 35. Bc3 a5 36. Kf2 Rf3+ 37. Ke2 Rxf1 38. Rxf1 Ba6+ 0-1

[Event "SC Uttenreuth e.V. 1-SK 1911 Herzogenaur"]
[Site "?"]
[Date "2012.12.16"]
[Round "5.7"]
[White "Wolter, Norbert"]
[Black "Abmayr, Bernhard"]
[Result "1-0"]
[WhiteElo "1842"]
[BlackElo "1691"]
[PlyCount "54"]
[EventDate "2012.??.??"]
[WhiteTeam "SK 1911 Herzogenaurach e.V. 1"]
[BlackTeam "SC Uttenreuth e.V. 1"]

1. c4 e5 2. Nc3 Nc6 3. Nf3 Nf6 4. d4 exd4 5. Nxd4 Be7 6. g3 O-O 7. Bg2 Rb8 8.
O-O Nxd4 9. Qxd4 b6 10. Nd5 Nxd5 11. cxd5 Bf6 12. Qa4 a5 13. Qc2 d6 14. e4 Be5
15. Be3 Bd7 16. Rac1 Rc8 17. b3 g6 18. Qd2 f5 19. Rc2 fxe4 20. Bxe4 Bf5 21.
Bxf5 Rxf5 22. Rfc1 h5 23. Bxb6 h4 24. Qh6 Rg5 25. Rxc7 Rxc7 26. Rxc7 Qe8 27.
Qxg5 h3 1-0

[Event "SC Uttenreuth e.V. 1-SK 1911 Herzogenaur"]
[Site "?"]
[Date "2012.12.16"]
[Round "5.8"]
[White "Böhme, Markus"]
[Black "Habermann, Manfred"]
[Result "0-1"]
[WhiteElo "1507"]
[BlackElo "1835"]
[PlyCount "60"]
[EventDate "2012.??.??"]
[WhiteTeam "SC Uttenreuth e.V. 1"]
[BlackTeam "SK 1911 Herzogenaurach e.V. 1"]

1. e4 b6 2. d4 Bb7 3. Nc3 d6 4. f4 g6 5. Nf3 Bg7 6. Be3 Nf6 7. Qd3 O-O 8. h3
Nh5 9. g4 Ng3 10. Rg1 Ba6 11. Qxa6 Nxa6 12. Bxa6 Nxe4 13. Nxe4 c5 14. O-O-O Qe8
15. Bc4 Qc6 16. d5 Qa4 17. Nfd2 b5 18. Bb3 Qa6 19. c4 Rfb8 20. Rg2 Bxb2+ 21.
Kxb2 bxc4 22. Nxc4 Qxc4 23. Nc3 Qb4 24. Rc2 a5 25. Ka1 a4 26. Bxa4 Rxa4 27. Rb1
Rxa2+ 28. Rxa2 Qxc3+ 29. Rbb2 Qe1+ 30. Rb1 Qxb1# 0-1

[Event "SG SC Mühldorf/SK Schwabach 1-SC Noris-T"]
[Site "?"]
[Date "2012.12.16"]
[Round "5.1"]
[White "Süß, Stefan"]
[Black "Ahmels, Christian"]
[Result "1/2-1/2"]
[WhiteElo "1901"]
[BlackElo "2065"]
[PlyCount "41"]
[EventDate "2012.??.??"]
[WhiteTeam "SC Noris-Tarrasch N 1873 e.V. 4"]
[BlackTeam "SG SC Mühldorf/SK Schwabach 1"]

1. Nf3 f5 2. g3 Nf6 3. Bg2 g6 4. d4 Bg7 5. O-O O-O 6. b3 d6 7. Bb2 h6 8. Nbd2
Nbd7 9. Nh4 Qe8 10. e4 fxe4 11. Nxe4 e5 12. Qd3 exd4 13. Nxf6+ Bxf6 14. Rae1
Ne5 15. Qd2 g5 16. f4 gxf4 17. Bxd4 Qh5 18. Rxf4 Be6 19. Bxb7 Rab8 20. Bf3 Qg5
21. Bg2 1/2-1/2

[Event "SG SC Mühldorf/SK Schwabach 1-SC Noris-T"]
[Site "?"]
[Date "2012.12.16"]
[Round "5.2"]
[White "Mehwald, Thomas"]
[Black "Mättig, Stefan"]
[Result "1/2-1/2"]
[WhiteElo "2008"]
[BlackElo "1983"]
[PlyCount "46"]
[EventDate "2012.??.??"]
[WhiteTeam "SG SC Mühldorf/SK Schwabach 1"]
[BlackTeam "SC Noris-Tarrasch N 1873 e.V. 4"]

1. e4 d6 2. d4 Nf6 3. Nc3 g6 4. Nf3 Bg7 5. Be2 O-O 6. O-O c6 7. Bf4 b5 8. a3 a6
9. e5 Nh5 10. Be3 f6 11. exd6 Qxd6 12. Ne4 Qc7 13. Nc5 Nf4 14. Qd2 Nxe2+ 15.
Qxe2 e5 16. dxe5 fxe5 17. Ng5 Qe7 18. c3 Bf5 19. Rad1 Nd7 20. Nxd7 Bxd7 21. Ne4
Rfb8 22. Bc5 Qe8 23. Rd6 Be6 1/2-1/2

[Event "SG SC Mühldorf/SK Schwabach 1-SC Noris-T"]
[Site "?"]
[Date "2012.12.16"]
[Round "5.3"]
[White "Renner, Christian"]
[Black "Greul, Hans"]
[Result "1-0"]
[WhiteElo "1898"]
[BlackElo "1985"]
[PlyCount "37"]
[EventDate "2012.??.??"]
[WhiteTeam "SC Noris-Tarrasch N 1873 e.V. 4"]
[BlackTeam "SG SC Mühldorf/SK Schwabach 1"]

1. d4 e6 2. c4 d5 3. Nc3 Nf6 4. Nf3 c6 5. Bg5 Nbd7 6. e3 Qa5 7. cxd5 Nxd5 8.
Qd2 Nxc3 9. bxc3 Nb6 10. Rb1 Nd5 11. Rb3 b6 12. e4 Ne7 13. Bd3 Ba6 14. O-O Bxd3
15. Qxd3 Qxa2 16. Rbb1 e5 17. d5 cxd5 18. Qb5+ Kd8 19. Nxe5 1-0

[Event "SG SC Mühldorf/SK Schwabach 1-SC Noris-T"]
[Site "?"]
[Date "2012.12.16"]
[Round "5.4"]
[White "Reuter, Roland"]
[Black "Süß, Helmut"]
[Result "1/2-1/2"]
[WhiteElo "1947"]
[BlackElo "1917"]
[PlyCount "38"]
[EventDate "2012.??.??"]
[WhiteTeam "SG SC Mühldorf/SK Schwabach 1"]
[BlackTeam "SC Noris-Tarrasch N 1873 e.V. 4"]

1. e4 c6 2. d4 d5 3. exd5 cxd5 4. Nf3 Bg4 5. h3 Bxf3 6. Qxf3 e6 7. Bd3 Nc6 8.
Be3 Nf6 9. O-O Be7 10. c3 O-O 11. Bf4 Bd6 12. Re1 Bxf4 13. Qxf4 Rc8 14. Nd2 Qc7
15. Qh4 Ne7 16. Nf3 Ng6 17. Bxg6 hxg6 18. Re3 Nh7 19. Rae1 Qd8 1/2-1/2

[Event "SG SC Mühldorf/SK Schwabach 1-SC Noris-T"]
[Site "?"]
[Date "2012.12.16"]
[Round "5.5"]
[White "Rausch, Wolfgang sr"]
[Black "Wirth, Karl-Heinz"]
[Result "1-0"]
[WhiteElo "1896"]
[BlackElo "1868"]
[PlyCount "65"]
[EventDate "2012.??.??"]
[WhiteTeam "SC Noris-Tarrasch N 1873 e.V. 4"]
[BlackTeam "SG SC Mühldorf/SK Schwabach 1"]

1. c4 Nf6 2. Nc3 e5 3. Nf3 Nc6 4. d4 exd4 5. Nxd4 Bc5 6. Nxc6 bxc6 7. e3 O-O 8.
Be2 d5 9. O-O Be6 10. Bf3 Rb8 11. cxd5 cxd5 12. b3 c6 13. Bb2 Qe7 14. Qe2 Bb6
15. Rfd1 Rfe8 16. Rac1 Rbc8 17. Na4 Bc7 18. Bd4 Bd6 19. Qa6 c5 20. Bxf6 gxf6
21. Bxd5 Qc7 22. h3 Bxh3 23. gxh3 Kh8 24. Qb7 Bh2+ 25. Kf1 Qe5 26. Bf3 Rg8 27.
Qxf7 Rg1+ 28. Ke2 Rg7 29. Qd5 Qe8 30. Rxc5 Rxc5 31. Nxc5 Rg5 32. Qc4 Qc8 33.
Ne4 1-0

[Event "SG SC Mühldorf/SK Schwabach 1-SC Noris-T"]
[Site "?"]
[Date "2012.12.16"]
[Round "5.6"]
[White "Pröschel, Gerhard"]
[Black "Junk, Philipp"]
[Result "1/2-1/2"]
[WhiteElo "1861"]
[BlackElo "1850"]
[PlyCount "33"]
[EventDate "2012.??.??"]
[WhiteTeam "SG SC Mühldorf/SK Schwabach 1"]
[BlackTeam "SC Noris-Tarrasch N 1873 e.V. 4"]

1. e4 c5 2. Nf3 Nc6 3. d4 cxd4 4. Nxd4 e6 5. Nc3 a6 6. Be3 Qc7 7. a3 Nf6 8.
Nxc6 bxc6 9. Be2 Be7 10. O-O d5 11. Bf3 O-O 12. exd5 cxd5 13. Na4 Rb8 14. b4
Rd8 15. Bc5 Bxc5 16. Nxc5 Nd7 17. Nb3 1/2-1/2

[Event "SG SC Mühldorf/SK Schwabach 1-SC Noris-T"]
[Site "?"]
[Date "2012.12.16"]
[Round "5.7"]
[White "Lenz, Harald"]
[Black "Leis, Stefan"]
[Result "1/2-1/2"]
[WhiteElo "1770"]
[BlackElo "1849"]
[PlyCount "69"]
[EventDate "2012.??.??"]
[WhiteTeam "SC Noris-Tarrasch N 1873 e.V. 4"]
[BlackTeam "SG SC Mühldorf/SK Schwabach 1"]

1. d4 f5 2. g3 Nf6 3. Bg2 d6 4. Nf3 e6 5. O-O Be7 6. Bg5 O-O 7. c3 Nc6 8. Nbd2
Ne4 9. Bxe7 Qxe7 10. Qc2 d5 11. e3 g5 12. Ne1 g4 13. Nd3 Qg7 14. Nf4 Ne7 15. f3
gxf3 16. Nxf3 Ng6 17. Rac1 Nh8 18. Qd3 Nf7 19. Rfe1 Nh6 20. Ne5 Nf6 21. Qe2
Nhg4 22. Nxg4 Nxg4 23. Bf3 c6 24. Bxg4 fxg4 25. Nd3 Bd7 26. Ne5 h5 27. Rf1 Be8
28. Qd3 Rxf1+ 29. Rxf1 Rc8 30. Rf4 Rc7 31. Kf2 a6 32. b4 Re7 33. a3 Rc7 34. c4
Re7 35. c5 1/2-1/2

[Event "SG SC Mühldorf/SK Schwabach 1-SC Noris-T"]
[Site "?"]
[Date "2012.12.16"]
[Round "5.8"]
[White "Hetzner, Helmut"]
[Black "Loebel, Petra"]
[Result "1-0"]
[WhiteElo "1802"]
[BlackElo "1798"]
[PlyCount "91"]
[EventDate "2012.??.??"]
[WhiteTeam "SG SC Mühldorf/SK Schwabach 1"]
[BlackTeam "SC Noris-Tarrasch N 1873 e.V. 4"]

1. e4 e6 2. d4 d5 3. Nc3 Bb4 4. e5 b6 5. a3 Bf8 6. b4 Qd7 7. Be3 Nc6 8. Bb5 Bb7
9. Nge2 f6 10. O-O fxe5 11. dxe5 a6 12. Bxc6 Qxc6 13. Qd4 Ne7 14. Ng3 Ng6 15.
f4 O-O-O 16. Rad1 h5 17. f5 Ne7 18. h4 Qd7 19. Bg5 exf5 20. Bxe7 Bxe7 21. Nxf5
c5 22. Qf4 Rhf8 23. e6 Qe8 24. Na4 Bc6 25. bxc5 b5 26. Nb6+ Kb7 27. Qb4 g6 28.
Nd4 Bf6 29. Nxc6 Qxc6 30. Nxd5 Rxd5 31. Rxd5 Qxd5 32. c6+ Kxc6 33. Qxf8 Qd4+
34. Rf2 Bxh4 35. Qf3+ Kd6 36. g3 Be7 37. Qf7 Qa1+ 38. Kg2 Qxa3 39. Rd2+ Ke5 40.
Qxg6 Qc3 41. Re2+ Kd6 42. Qxh5 Qc4 43. Qe5+ Kc6 44. Qe4+ Kc5 45. Qxc4+ Kxc4 46.
Rd2 1-0

[Event "SG Büchenbach/Roth e.V. 2-SGem 1882 Fürt"]
[Site "?"]
[Date "2012.12.16"]
[Round "5.1"]
[White "Heimrath, Wolfgang"]
[Black "Roß, Thomas"]
[Result "1-0"]
[WhiteElo "2064"]
[BlackElo "1989"]
[Annotator "Roß"]
[PlyCount "77"]
[EventDate "2012.??.??"]
[WhiteTeam "SGem 1882 Fürth 1"]
[BlackTeam "SG Büchenbach/Roth e.V. 2"]

1. e4 d6 2. d4 Nf6 3. Bd3 e5 4. c3 Nbd7 5. f4 Be7 6. Nf3 O-O 7. Bc2 c6 8. O-O
Qb6 9. fxe5 Nxe5 10. Kh1 Ng6 11. Nbd2 Be6 12. Ng5 Bg4 13. Qe1 Rae8 14. Qg3 Be2
15. Rf2 Nh5 16. Qe3 Bg4 17. h3 Bc8 18. Bb3 d5 19. Bd1 Nhf4 20. h4 Ne6 21. Nxe6
Bxe6 22. h5 Ne5 23. Qg3 Nd7 24. e5 Qd8 25. Nf3 Kh8 26. Bc2 f6 27. Be3 fxe5 28.
dxe5 Bf5 29. h6 g6 30. Ng5 Bxg5 31. Bxg5 Qc7 32. Bxf5 Rxf5 33. Rxf5 gxf5 34.
Re1 Re6 35. Kg1 Rg6 36. Qf4 Kg8 37. Qxf5 Nf8 38. e6 Qg3 39. Qf7+ 1-0

[Event "SG Büchenbach/Roth e.V. 2-SGem 1882 Fürt"]
[Site "?"]
[Date "2012.12.16"]
[Round "5.2"]
[White "Ludwig, Michael"]
[Black "Schwarz, Werner"]
[Result "1-0"]
[WhiteElo "1860"]
[BlackElo "1760"]
[PlyCount "63"]
[EventDate "2012.??.??"]
[WhiteTeam "SG Büchenbach/Roth e.V. 2"]
[BlackTeam "SGem 1882 Fürth 1"]

1. e4 c6 2. c4 d5 3. cxd5 cxd5 4. exd5 Nf6 5. Bb5+ Bd7 6. Bc4 g6 7. Nc3 Bg7 8.
Nf3 O-O 9. O-O a6 10. a4 Bg4 11. h3 Bxf3 12. Qxf3 Qc7 13. d3 Nbd7 14. Bf4 Qb6
15. Rab1 Qd8 16. d6 e5 17. Be3 b6 18. Qb7 Qc8 19. Qxc8 Rfxc8 20. Nd5 Nxd5 21.
Bxd5 Rab8 22. b4 Bf8 23. Rfc1 Rxc1+ 24. Rxc1 Bxd6 25. Bd2 Kf8 26. Rc6 Be7 27.
Rc7 Rd8 28. Bc6 Ke8 29. Ra7 a5 30. bxa5 Bc5 31. axb6 Bxb6 32. Rb7 1-0

[Event "SG Büchenbach/Roth e.V. 2-SGem 1882 Fürt"]
[Site "?"]
[Date "2012.12.16"]
[Round "5.3"]
[White "Bauer, Peter"]
[Black "Muskat, Gunter"]
[Result "1/2-1/2"]
[WhiteElo "1745"]
[BlackElo "1876"]
[PlyCount "54"]
[EventDate "2012.??.??"]
[WhiteTeam "SGem 1882 Fürth 1"]
[BlackTeam "SG Büchenbach/Roth e.V. 2"]

1. d4 Nf6 2. Nf3 e6 3. Bf4 b6 4. e3 Bb7 5. Be2 Be7 6. h3 O-O 7. O-O d6 8. Nbd2
Nbd7 9. c3 Rc8 10. Rc1 Nd5 11. Bh2 f5 12. c4 Nb4 13. a3 Nc6 14. b4 Bf6 15. Qb3
Qe8 16. c5 dxc5 17. dxc5 Kh8 18. cxb6 cxb6 19. Nc4 Be7 20. Rfd1 Ncb8 21. Nce5
Nxe5 22. Nxe5 Bf6 23. Bc4 Bxe5 24. Bxe5 Qg6 25. Bf1 Bd5 26. Qb2 Nc6 27. Bf4 h6
1/2-1/2